| 000 | 01191nam a22002897a 4500 | ||
|---|---|---|---|
| 001 | 7888 | ||
| 003 | FISKH | ||
| 005 | 20250813092324.0 | ||
| 008 | 250813b cb ||||| |||| 00| 0 eng d | ||
| 020 | _a033500987748 | ||
| 040 |
_aFISKH _beng _cFISKH _dFISKH |
||
| 050 | _aPZ7 | ||
| 082 | _a641.3 | ||
| 100 | _aFrank, Janet | ||
| 245 |
_aDaddies: _bAll about the work they do / _cby Janet Frank ; Updated by Margo Lundell ; Illustrated by Paul Meisel |
||
| 250 | _aThis edition published in 1996 | ||
| 260 |
_aNew York : _bA Golden Book, _c1953 |
||
| 300 |
_a24 unnumbered pages : _bcolor illustrations ; _c21 cm |
||
| 505 | _aE | ||
| 520 | _aThe story moves through simple verses showing daddies in different roles—such as farmers, teachers, shopkeepers, firemen, and even opera singers—each working hard during the day. The tone is light and reassuring, with colorful illustrations (in the 1996 edition by Paul Meisel) showing cheerful, friendly scenes of work. | ||
| 521 | 8 |
_a170
_bLexile estimate |
|
| 521 | 8 |
_aE
_bRaz-Plus |
|
| 650 |
_aParenting _vChildren’s Books _xFamily |
||
| 700 |
_aMeisel, Paul _eillustrator |
||
| 942 |
_2ddc _cBK _n0 |
||
| 999 |
_c7888 _d7888 |
||